#SES Notion - Action publique pour l'environnement - Statistiques

Statistiques générales
  • Ce quiz a été pris 19 fois
  • Le résultat moyen est 5 sur 20
Statistiques - réponses
Hint Réponse % Correct
Bien pour lequel l'exclusion est impossible mais qui est quand même rival Bien commun
100%
Bien pour lequel l'exclusion est possible et qui est soumis à une rivalité Bien privé
70%
Agent crée cette notion quand son activité procure à autrui une satisfaction, un avantage ou une nuisance sans compensation monétaire. Cela peut se traduire de manière positive comme négative Effet externe/Externalité
70%
Bien qui présente les deux caractéristiques suivantes : la non-rivalité pour ce qui peut être consommé simultanément par plusieurs consommateurs et la non-excluabilité pour l'impossibilité d'exclure pour les consommateurs qui ne veulent pas payer. Bien public/ Bien collectif
60%
Bien pour lequel l'exclusion est possible mais qui est non rival Bien de club / bien à péage
40%
La croissance est dite "durable" si elle permet aux générations futures de satisfaire à leurs besoins. Il s'agit d'une question d'équité inter-générationelle. Soutenabilité/Durabilité
30%
Approche faible de durabilité car elle est faiblement exigeante en matière de protection de la nature Soutenabilité faible
30%
Approche forte de durabilité car les conséquences en sont beaucoup plus contraignantes que l'approche faible et demande une remise en question des modes de vies et de l'économie. Soutenabilité forte
30%
Ensemble des capacités physiques et intellectuelles, des compétences et des savoir-faire d'un individu ou d'un groupe Capital Humain
20%
Stock de ressource fournis par la terre Capital Naturel
10%
Bien de production manufacturés Capital physique
10%
Affectation d'un ensemble de ressources à certaines usages de préférences à d'autres. En effet, les ressources rares voient leur prix augmenter ( D > O prix augmente) ce qui entraine une baisse de leur usage et recherche de substitution Allocation des ressources
0%
Ensemble des institutions sociales, économiques, juridiques et culturelles d'une société Capital Institutionelle
0%
Phénomènes qui mettent en échec le fonctionnement des marchés concurrentiels. Ce sont les externalités, les biens collectifs et d'existence de monopoles naturels. Défaillance du marché
0%
Droit de propriétaire sur une chose : droit d'usage, droit de vente, droit de toucher les "fruits" Droit de propriété
0%
Surface de la planète, exprimée en hectares globaux, dont a besoin une population ou un individu, compte tenu de son mode de vie, pour satisfaire sa consommation Empreinte écologique
0%
Ensemble des règles le fonctionnement des marchés et s'imposent aux individus contractants Institution marchande
0%
Jour de l'année où l'humanité a utilisé les ressources disponibles pour vivre une année Jour du dépassement
0%
Le prix d'un bien, ce contre quoi on peut l'échanger, sa valeur marchande Valeur d'échange
0%
Ce à quoi un bien ou un service sert, l'usage qu'il fait, le service qu'il rend à une personne Valeur d'usage
0%
Aucun quiz correspondant
Distribution des résultats
% des personnes avec chaque résultat
Percentile par nombre de réponses
Votre historique - résultats
Vous n’avez pas pris ce quiz